Central Library OPAC University of Rajshahi

Massachusetts institute of technology wavelength tables with intensities in arc, spark, or discharge tube of more than 100,000 spectrum lines : (Record no. 8769)

MARC details
000 -LEADER
fixed length control field 01386cam a2200253u 4500
001 - CONTROL NUMBER
control field 8769
003 - CONTROL NUMBER IDENTIFIER
rucl marc code BD-RjUL
005 - DATE AND TIME OF LATEST TRANSACTION
control field 20211208234640.0
008 - FIXED-LENGTH DATA ELEMENTS--GENERAL INFORMATION
fixed length control field 140119s1939 mau 000 0 eng
035 ## - SYSTEM CONTROL NUMBER
System control number (BD-RjUL)8814
040 ## - CATALOGING SOURCE
Original cataloging agency DLC
Transcribing agency CarP
Modifying agency DLC
-- BD-RjUL
Language of cataloging eng
041 ## - LANGUAGE CODE
Language code of text/sound track or separate title eng
082 00 - DEWEY DECIMAL CLASSIFICATION NUMBER
Classification number 543.5
Author mark and year MAS 1939
Edition number 23
110 2# - MAIN ENTRY--CORPORATE NAME
Corporate name or jurisdiction name as entry element Massachusetts institute of technology.
Subordinate unit Spectroscopy laboratory. [from old catalog]
9 (RLIN) 212315
245 10 - TITLE STATEMENT
Title Massachusetts institute of technology wavelength tables with intensities in arc, spark, or discharge tube of more than 100,000 spectrum lines :
Remainder of title most strongly emitted by the atomic elements under normal conditions of excitation between 10,000 A. and 2000 A. arranged in order of decreasing wavelengths /
Statement of responsibility, etc. Measured and compiled under the direction of George R. Harrison ... by staff members of the Spectroscopy laboratory of the Massachusetts institute of technology, assisted by the Works progress administration.
260 ## - PUBLICATION, DISTRIBUTION, ETC. (IMPRINT)
Place of publication, distribution, etc. Cambridge :
Name of publisher, distributor, etc. The Technology press, Massachusetts institute of technology,
Place of publication, distribution, etc. New York :
Name of publisher, distributor, etc. J. Wiley & sons, inc.,
Date of publication, distribution, etc. 1939.
300 ## - PHYSICAL DESCRIPTION
Pagination xxviii p., 1 l., 429 p. :
Illustrations front. ;
Size 28 cm.
500 ## - GENERAL NOTE
General note Half-title: Tables of wavelengths.
650 #0 - SUBJECT ADDED ENTRY--TOPICAL TERM
Topical term or geographic name as entry element Spectrum analysis
Form subdivision Tables.
9 (RLIN) 27266
700 1# - ADDED ENTRY--PERSONAL NAME
Personal name Harrison, George Russell,
Dates associated with a name 1898-1979.
942 ## - ADDED ENTRY ELEMENTS (KOHA)
Source of classification or shelving scheme Dewey Decimal Classification
Koha item type Books
Holdings
Lost status Source of classification or shelving scheme Damaged status Not for loan Collection code Permanent Location Current Location Date acquired Source of acquisition Cost, normal purchase price Total Checkouts Full call number Date last seen Copy number Koha item type Shelving location
  Dewey Decimal Classification   Not For Loan Non-fiction Central Library, University of Rajshahi Central Library, University of Rajshahi 20/09/1958 John Wiley and Sons. 47.25   543.5 MAS 1939 19/01/2014 C-1 Books  
  Dewey Decimal Classification     Non-fiction Central Library, University of Rajshahi Central Library, University of Rajshahi 20/09/1958 John wailey 47.25   543.5 MAS 1939 07/05/2017 C-2 Books  
  Dewey Decimal Classification     Non-fiction Central Library, University of Rajshahi Central Library, University of Rajshahi 20/09/1958 John wailewy 47.25   543.5 MAS 1939 07/05/2017 C-3 Books